000 00688nam a2200241Ia 4500
003 OSt
005 20220926013042.0
006 a|||||r|||| 00| 0
007 ta
008 220923b |||||||| |||| 00| 0 eng d
037 _cGeneral Book
040 _aRTL
_cRTL
_beng
041 _2eng
_aeng
082 _aY, L2
100 _aBurch William R, etc
_9317786
245 0 _aSOcial behaviour, natural resources and the enviro
260 _aNew York
_bHarper and Row
_c1972
300 _ax, 374p
_ccm.
500 _aBibliography at the end of each chapter
650 _aEssays Sociology
942 _hY, L2
_cGB
_2CC
999 _c625092
_d625092